Historia, ambiente, política: el camino de la historia ambiental en América Latina /

Salvato in:
Dettagli Bibliografici
Autore principale: Gallini, Stefania
Natura: testo
Tags: Aggiungi Tag
Nessun Tag, puoi essere il primo ad aggiungerne!!

MARC

LEADER 00000 a a2200000 04500
001 10207
003
040
100 |a Gallini, Stefania  
245 |a Historia, ambiente, política: el camino de la historia ambiental en América Latina /  |c Stefania Gallini  
773 |g número 30; páginas 92-102  
999 |c 19846  |d 19846